| 000 | 00344nam a2200133Ia 4500 | ||
|---|---|---|---|
| 008 | 230312s9999||||xx |||||||||||||| ||und|| | ||
| 082 |
_a005.7585 _bDEV |
||
| 245 | 0 | _aDeveloper / 2000 : Build Forms 1 | |
| 260 | _bOracle | ||
| 300 | _a424 | ||
| 546 | _aEng. | ||
| 650 |
_aComputer _vIntroduction , Running a Form Builder Application |
||
| 942 | _cBK | ||
| 999 |
_c2908 _d2908 |
||